000 00411nam a22001817a 4500
003 CEME
005 20210628205145.0
008 210301b xxu||||| |||| 00| 0 eng d
020 _a1-56091-238-3
040 _c.
082 _a629.2-SAE AUT'S
100 _aSae
_95216
245 _aAutomotive sealing sp-921
260 _aUSA
_bSAE
_c1992
300 _a158P
650 _aSP-921
_974206
942 _cBK
_2ddc
999 _c579768
_d579768